| 000 | 00464 a2200157 4500 | ||
|---|---|---|---|
| 003 | OSt | ||
| 005 | 20231106131519.0 | ||
| 008 | 231106b |||||||| |||| 00| 0 eng d | ||
| 040 | _cOCLC | ||
| 082 |
_a297 _bAYI/M |
||
| 100 |
_aAyiroor, K Muhammed _99835 |
||
| 245 |
_aMATHAVIDHYABHYASAM ORU ROOPAREKHA / _cK Muhammaed Ayiroor |
||
| 260 |
_aKozhikode: _bVachanam books, _c2020. |
||
| 300 | _a160 p | ||
| 942 |
_2ddc _cBK _h297 _iAYI/M _k297 _mAYI/M |
||
| 999 |
_c42815 _d42815 |
||